00467nam a22001457a 450000500170000000800410001702000150005804100130007308200130008610000130009924500990011226000570021130000280026865000250029620231208140741.0231208b |||||||| |||| 00| 0 eng d a0409015970 aEnglish  a349 BUT  lEnglish  aButterworths Forms and Precedents : Building and Engineering Contracts / cedited by JP Naude  aDurban : bButterworth Publishers (Pty) Ltd, c1992  b349 pages ; c25,5 cm.  aLegal practice bLaw